| 000 | 00951nam a22002417a 4500 | ||
|---|---|---|---|
| 999 |
_c137671 _d137671 |
||
| 005 | 20230703165016.0 | ||
| 010 | _a1718EN-30 ENG-117281 B-687097-98 ENG-137244 | ||
| 020 |
_a9789385985690 _c945.00 |
||
| 035 | _aEN-100813 EN-120776 | ||
| 035 | _aB-687097-98 | ||
| 037 | _bTBI | ||
| 037 | _b DBAD/PUB | ||
| 082 | 0 | 0 | _a303.48257054 |
| 245 | 1 | 0 |
_aChina and India: _cEdited by Paramita Mukerjee,Arnab K. Ded [and]Miao Pang _bhistory,culture,cooperation and competition / |
| 260 |
_aNew Delhi _bSAGE Publications _c2016 |
||
| 270 |
_aB1/I-1 Mohan Cooperative Industrial Area, Mathura Road _bNew Delhi _e110044 |
||
| 300 |
_axxvi,232p. _c22cm(Hb) |
||
| 500 | _aIncludes index | ||
| 710 | _a Ded, Arnab K. ed. | ||
| 710 | _a Pang, Miao ed. | ||
| 942 |
_2ddc _cEN _h303.48257054 _mCHI |
||